[Event "THA-chT"]
[Site "Bangkok"]
[Date "2019.12.19"]
[Round "7.3"]
[White "Salazar, Dominador Jr Jayoma"]
[Black "Nakvanich, Sahapol"]
[Result "1-0"]
[WhiteElo "1703"]
[BlackElo "1809"]
[PlyCount "79"]
[EventDate "2019.12.16"]
[EventType "team-swiss"]
[EventRounds "9"]
[EventCountry "THA"]
[SourceTitle "CBM 194 Extra"]
[Source "ChessBase"]
[SourceDate "2020.03.31"]
[SourceVersion "1"]
[SourceVersionDate "2020.03.31"]
[SourceQuality "1"]
[WhiteTeam "Double Bishop"]
[BlackTeam "East Bangapi"]
[WhiteTeamCountry "THA"]
[BlackTeamCountry "THA"]

1. d4 Nf6 2. Bg5 e6 3. e4 Be7 4. Nd2 d5 5. e5 Nfd7 6. Bxe7 Qxe7 7. Bd3 c5 8. c3 Nc6 9. Ne2 0-0 10. 0-0 b6 11. a3 f6 12. f4 Bb7 13. Nf3 fxe5 14. fxe5 Nd8 15. Qd2 g6 16. Rf2 Qg7 17. Raf1 Nf7 18. Nf4 Rae8 19. h3 Bc6 20. g3 Qh6 21. Nh2 Ng5 22. Ng4 Qg7 23. Kh2 Ne4 24. Bxe4 dxe4 25. d5 exd5 26. Nxd5 Rxf2+ 27. Rxf2 Kh8 28. Ndf6 Re7 29. Qd6 Bb5 30. c4 Bxc4 31. Nxd7 Rxd7 32. Rf8+ Bg8 33. Rxg8+ Qxg8 34. Qxd7 Qc4 35. Qd8+ Qg8 36. Qf6+ Qg7 37. e6 Kg8 38. e7 Qxf6 39. Nxf6+ Kf7 40. e8Q+ 1-0